000 00443nam a2200181 a 4500
001 6434
003 CO-ViMGA
008 141112s2004 ck r 000 u spa d
040 _aCO-ViMGA
_bspa
_cCO-ViMGA
082 0 4 _a152.44 B872r
100 1 _aBuscaglia, Leo
_95207
245 1 0 _aReflexiones sobre el amor
260 _aBuenos Aires :
_bEmece,
_c1992
300 _a368 p
650 1 4 _aAMOR
_95096
650 1 4 _aSENTIMIENTOS
942 _2ddc
_cBK
999 _c18404
_d18404